Word Ladder: Before and After Quiz Stats

 Plays Quiz Updated Nov 3, 2017

Score 0/22 Timer 04:00
2 Plays Today
Clue 4-Letter Rung % Correct
Karate _____ SueyCHOP
93.8%
Mouse _____ DoorTRAP
91%
Puppy _____ MeinCHOW
89.7%
Cruise _____ WreckSHIP
88.3%
Post-nasal _____ CoffeeDRIP
86.5%
Grand _____ DunkSLAM
85.8%
Fatboy _____ FitSLIM
83.4%
Pink _____ KnotSLIP
79.8%
Tear _____ ClothDROP
79.4%
Cash _____ CircleCROP
78.7%
Power _____ WireTRIP
78.2%
Clue 4-Letter Rung % Correct
Poker _____ ShotCHIP
76.9%
Role _____ PossumPLAY
75.1%
Macy _____ WolfGRAY
74.8%
Tea _____ TableTRAY
69.6%
Fruit _____ ToyCHEW
69.2%
Henry _____ PigeonCLAY
66.9%
Razor _____ BakeCLAM
66.8%
Old _____ StickCHAP
65.5%
Arctic _____ BroiledCHAR
62.8%
Marshall ______ BPLAN
58.4%
Mon _____ LloydCHER
55.1%

Today's Daily Dose

Missing Word
Arizona A-Z

Word Ladder
Greek Letters II

Get the Picture
US National Parks

You're not logged in!

Compare scores with friends on all Sporcle quizzes.
OR
Log In

You Might Also Like...

Show Comments

Extras

Top Quizzes Today


Score Distribution

Your Account Isn't Verified!

In order to create a playlist on Sporcle, you need to verify the email address you used during registration. Go to your Sporcle Settings to finish the process.

Report this User

Report this user for behavior that violates our Community Guidelines.

Details: